000 00273nam a2200121Ia 4500
005 20251222143247.0
008 251222s9999||||xx |||||||||||||| ||spa||
082 _a263.1/G84/1989
100 _aGuardini, Romano
245 0 _aJesucristo:
264 _bLumen
942 _cLIB
999 _c14796
_d14796